000 01021nam a2200301 a 4500
001
003 DO-SdBNP
005 20210524132046.0
008 181001s2020 dr 000 p spa d
020 _a9789945503678
040 _aBPMSU
_bspa
_cBPMSU
082 _aRD861.5
_bB468e 2020
_222
100 1 _aBenjamin, Rossalinna
_d1979 -
245 1 0 _aÉrase una vez el cuerpo /
_c Rossalinna Benjamin
260 _aSanto Domingo :
_bEditora Nacional;
_bMinisterio de Cultura,
_c2020
300 _a96 p. ;
_c21 cm.
490 0 _aPoesía
500 _aIncluye datos biográficos del autora en la solapa de la cubierta
586 _aPremio Letras de Ultramar de Poesía, 2018
590 _aInventariado, 2021/VM
650 4 _aCertámenes literario
_zRepública Dominicana
650 4 _aPoesía dominicana
650 4 _aLiteratura dominicana.
710 2 _aMinisterio de Cultura (República Dominicana)
711 2 _aPremio Letras de Ultramar de Poesía
_d(2018 :
_cSanto Domingo)
910 _aVMateo
942 _2ddc
_cBK
999 _c13524
_d13524